The wedded unmother. (Record no. 16807)

000 -LEADER
fixed length control field 00510nam a2200169 a 4500
001 - CONTROL NUMBER
control field :::00020093$&:&@@
003 - CONTROL NUMBER IDENTIFIER
control field OkBaRHE
005 - DATE AND TIME OF LATEST TRANSACTION
control field 20011211124758.0
008 - FIXED-LENGTH DATA ELEMENTS--GENERAL INFORMATION
fixed length control field s1980 j 000 0 eng u
040 ## - CATALOGING SOURCE
Transcribing agency
100 1# - MAIN ENTRY--PERSONAL NAME
Personal name Halverson, Kaye, with Hess, Karen M.
245 14 - TITLE STATEMENT
Title The wedded unmother.
260 ## - PUBLICATION, DISTRIBUTION, ETC. (IMPRINT)
Place of publication, distribution, etc Minneapolis, MN
Name of publisher, distributor, etc Augsburg Publishing House
Date of publication, distribution, etc 1980
300 ## - PHYSICAL DESCRIPTION
Extent 128 p.
942 ## - ADDED ENTRY ELEMENTS (KOHA)
Source of classification or shelving scheme
Koha item type Books
Copies
Date acquired Shelving location Damaged status Barcode Full call number Not for loan Source of classification or shelving scheme Date last seen Permanent Location Price effective from Copy number Lost status Koha item type Withdrawn status
2010-04-14General Stacks 20093HQ 759 .H19  2010-04-14RHEMA Bible Training College2010-04-141 Books